000
00329nam a2200133Ia 4500
005
20251222143227.0
008
251222s9999||||xx |||||||||||||| ||spa||
020
_a
978-0-582-42967-3
082
_a
428.4/B94
100
_a
Burgess, Sally
245
0
_a
How To Teach For Exams
264
_b
Pearson Education Limited
942
_c
LIB
999
_c
14048
_d
14048